Long in the Answers - Statistics

General Stats
  • This quiz has been taken 55,669 times
    20,614 since last reset
  • The average score is 13 of 20
Answer Stats
Clue Answer % Correct
Latitude counterpart Longitude
96%
Where Queens, Brooklyn, and the Hamptons are located Long Island
95%
Words following "the king is dead" Long live
91%
Bob Beamon's Olympic event Long jump
87%
A ___ ___ __, in a galaxy far far away Long time ago
87%
Something that is unlikely to win is a ... Long shot
79%
Texas cattle breed Longhorn
78%
Harry Potter's friend Neville Longbottom
73%
Expensive type of phone call, formerly Long distance
70%
Pippi's last name Longstocking
70%
Type of rice Long grain
68%
Way to turn a dividend and a divisor into a quotient Long division
66%
What LP stands for on a record Long playing
61%
City on the coast near Los Angeles Long Beach
60%
English weapon used at Agincourt Longbow
56%
Pirate from "Treasure Island" Long John Silver
49%
Journey of Mao's forces in the 1930s Long March
45%
1934 event in Nazi Germany : Night of the ____ _____ Long Knives
39%
Poet Henry Wadsworth ... Longfellow
36%
Person who loads and unloads ships Longshoreman
35%
No matching quizzes found
Score Distribution
Percent of People with Each Score
Percentile by Number Answered
Your Score History
You have not taken this quiz since the last reset